000 00845nas a2200265 4500
001 BR9705075
003 BR-BrBNA
005 20231205100611.0
007 ta
008 230509b bl.|||p| |||| 00| 00por d
040 _aBR-BrBNA
_bpor
_cBiblioteca Nacional de Agricultura
041 _a(En)
072 _aF30
100 1 _aLovato, M.B.
100 1 _aMartins, P.S.
245 1 _aGenetic variability in salt tolerance during germination of Stylosanthes humilis H.B.K. and association between salt tolerance and isozymes
650 _aStilosante
650 _aVariacao Genetica
650 _aGerminacao
650 _aClima
650 _aPernambuco
773 0 _tRevista Brasileira de Genetica (Brazil)
_xISSN 0100-8455
_g(Sep 1997), v. 20(3) p. 435-441
_wBR9705075
909 _a202311
_bLúcia
_c55
_dLúcia Elande
942 _2AGRIS
_n0
_cANA
999 _c156934
_d156934